[Event "BL 2016-17"]
[Site "St. Veit/Glan"]
[Date "2017.03.24"]
[Round "6"]
[White "Kreisl, Robert"]
[Black "Stohl, Igor"]
[Result "1/2-1/2"]
[WhiteElo "2426"]
[BlackElo "2504"]
[Annotator "TA"]
[PlyCount "40"]
[EventDate "2017.??.??"]
[EventType "team-tourn"]
[EventCountry "AUT"]
[SourceTitle "playchess.com"]
[Source "ChessBase"]
[SourceQuality "1"]
[WhiteTeam "Maria Saal"]
[BlackTeam "Wien-SK Ottakring"]

{[%evp 20,40,0,0,8,-6,0,-11,-10,-8,-5,-3,-2,-11,0,-1,0,-18,0,-3,0,-12,0]} 1. d4 Nf6 2. Nf3 e6 3. e3 c5 4. Bd3 d5 5. b3 b6 6. O-O Be7 7. c4 cxd4 8. Nxd4 Bb7 9. Nc3 O-O 10. Bb2 dxc4 11. Bxc4 {The position is equal.} a6 {A30: Symmetrical English: Double Fianchetto and Hedgehog} (11... Nc6 12. Nxc6 Bxc6 13. Qe2 Qc8 14. Nb5 Qb7 15. f3 a6 16. Nd4 b5 17. Bd3 Bd7 18. Rac1 Qb6 19. Kh1 {½-½ (47) Gelashvili,T (2572)-Quesada Perez,Y (2639) Arlington 2013}) 12. a4 Bc5 13. Qe2 $146 (13. Ba3 Bxa3 14. Rxa3 Qc7 15. Ra2 Nbd7 16. Rc2 Ne5 17. Be2 Qe7 18. Qa1 Rfd8 19. Rfc1 {½-½ (62) Priyadharshan,K (2420)-Boros,D (2474) Saint Louis 2014}) 13... Qe7 14. Rfd1 Nbd7 15. Nf3 Rfd8 16. h3 Bb4 17. Na2 Bd6 18. Nc3 Bb4 19. Na2 Bd6 20. Nc3 Bb4 1/2-1/2

[Event "BL 2016-17"]
[Site "St. Veit/Glan"]
[Date "2017.03.24"]
[Round "6"]
[White "Lehner, Oliver"]
[Black "Gerhold, Michael"]
[Result "1/2-1/2"]
[WhiteElo "2386"]
[BlackElo "2221"]
[Annotator "TA"]
[PlyCount "60"]
[EventDate "2017.??.??"]
[EventType "team-tourn"]
[EventCountry "AUT"]
[SourceTitle "playchess.com"]
[Source "ChessBase"]
[SourceQuality "1"]
[WhiteTeam "Jenbach"]
[BlackTeam "Absam"]

{[%evp 11,60,-3,16,21,29,26,20,13,22,-7,18,0,16,14,23,17,12,7,7,18,64,35,29,0,17,5,38,0,0,-22,-8,-49,-49,-50,-43,-55,-33,-30,-35,-77,-18,-14,-9,0,0,-10,-9,-14,20,0,0]} 1. d4 d5 2. Bf4 c5 3. e3 Nc6 4. c3 Nf6 {[%cal Bg8f6,Bf6h5,Bh5g7,Bg7f5,Bf5e3][%mdl 32]} 5. Nd2 e6 6. Ngf3 cxd4 7. exd4 {D02: 1 d4 d5 2 Nf3 sidelines, including 2...Nf6 3 g3 and 2...Nf6 3 Bf4} Nh5 8. Be3 (8. Bg5 f6 9. Be3 Bd6 10. g3 O-O 11. Bg2 f5 12. Ne5 f4 13. Qxh5 fxe3 14. fxe3 Nxe5 15. dxe5 {½-½ (56) Giri,A (2771)-So,W (2794) London 2016}) 8... Bd6 9. g3 O-O $146 (9... g6 10. Bg2 O-O 11. O-O f5 12. Bh6 Re8 13. Re1 Qf6 14. Nb3 Bf8 {½-½ (58) Zhao,X (2504)-Gaponenko,I (2411) Doha 2016}) 10. Nh4 g6 {[%cal Bg7g6,Bg6g5][%mdl 32]} 11. Be2 Ng7 12. O-O g5 13. Ng2 Nf5 14. Bd3 {Strongly threatening Qh5.} Nxe3 15. Nxe3 Qf6 16. f4 gxf4 17. gxf4 ({But not} 17. Qh5 $2 Qg7 18. Ng2 (18. Ng4 $2 f5 19. Nh6+ Kh8 $19) 18... fxg3 $19) 17... Qh4 18. Kh1 Kh8 19. Ng2 (19. Nf3 $14 Qh5 20. Ng5 Qxd1 21. Raxd1) 19... Qh6 $11 20. Nf3 f6 21. Qe1 Bd7 22. Qh4 Qxh4 23. Nfxh4 Rg8 24. Ne3 Ne7 25. Rae1 {[#]} Rac8 (25... f5 $1 $17) 26. f5 {Hoping for fxe6.The position is equal.} e5 27. dxe5 Bxe5 28. Nf3 Bd6 29. Nd4 a6 30. Rg1 Rxg1+ 1/2-1/2

[Event "BL 2016-17"]
[Site "St. Veit/Glan"]
[Date "2017.03.24"]
[Round "6"]
[White "Dobosz, Henryk"]
[Black "Schreiner, Peter"]
[Result "0-1"]
[WhiteElo "2385"]
[BlackElo "2473"]
[Annotator "TA"]
[PlyCount "84"]
[EventDate "2017.??.??"]
[EventType "team-tourn"]
[EventCountry "AUT"]
[SourceTitle "playchess.com"]
[Source "ChessBase"]
[SourceQuality "1"]
[WhiteTeam "Bregenz"]
[BlackTeam "Feffernitz"]

{[%evp 13,84,36,30,10,37,-7,36,43,32,35,45,19,46,41,35,28,56,52,52,32,68,58,58,50,48,49,52,48,54,44,50,0,-9,0,0,0,0,-4,0,-8,0,-8,-8,-15,-16,-29,-28,-29,-29,-29,-29,-36,-29,-25,-28,-28,-17,-63,-5,-75,-63,-61,-68,-82,-72,-82,-29,-37,-42,-328,-326,-340,-337]} 1. d4 Nf6 2. c4 g6 3. Nf3 Bg7 4. g3 O-O 5. Bg2 d6 6. Nc3 Nc6 7. O-O Rb8 8. a3 {E62: King's Indian: Fianchetto: 6...c6 and Panno Variation (6...Nc6) without ...a6} (8. d5 Na5 9. Nd2 c6 10. b4 Nxc4 11. Nxc4 Nxd5 12. Nxd5 Bxa1 13. Nf4 Bg7 14. e4 e5 15. Nd3 Be6 16. Qc2 {½-½ (33) Mamedyarov,S (2747)-Jones,G (2645) Reykjavik 2016}) 8... Nd7 9. e4 $146 (9. b4 e5 10. e3 f5 11. Bb2 e4 12. Nd2 Nf6 13. f3 exf3 14. Nxf3 Re8 15. b5 Na5 {½-½ (47) Lopez de Turiso,J (2101)-Perez Gonzalez,J (2324) Collado Villalba 2010}) 9... Na5 10. b3 {White is slightly better.} c5 11. Be3 a6 12. a4 e6 13. Rb1 Nc6 14. Qd2 Qa5 15. Rfd1 Rd8 16. h3 b6 17. Qe1 {Hoping for Bd2.} (17. d5 $5 {is more complex.} exd5 18. Nxd5 Qxd2 19. Bxd2 Bb7 20. Bf4) 17... cxd4 $1 18. Nxd4 Nxd4 19. Bxd4 Qb4 20. Bxg7 Kxg7 21. Qd2 Bb7 22. Ne2 (22. f4 $14) 22... Qxd2 $11 23. Rxd2 Nc5 24. Nc3 a5 25. b4 axb4 26. Rxb4 Bc6 27. Rd1 Kf8 28. Rdb1 Nd7 29. Rd1 Ke7 30. f4 Rdc8 31. Kf2 Ra8 32. Ke3 Ra5 33. Bf3 Rc5 34. h4 f5 (34... h6 $5 {looks sharper.} 35. Ke2 g5 36. Kf2 Rf8 37. Re1 gxf4 38. gxf4 Rc8) 35. exf5 gxf5 ({Better is} 35... Bxf3 $15 36. Kxf3 Rxc4 37. Rxc4 Rxc4) 36. Bxc6 (36. Be2 $11 {keeps the balance.}) 36... R8xc6 (36... R5xc6 $5 {feels hotter.} 37. Nb5 Rxc4 38. Rxc4 Rxc4 39. Nxd6 Rxa4 40. Nc8+ Ke8) 37. Nb5 Rxc4 38. Rxc4 Rxc4 39. Nxd6 Rc3+ (39... Rb4 $17) 40. Kf2 Rc2+ 41. Kf3 $2 {[%mdl 8192] [#]} (41. Ke3 $15) 41... Nf6 $19 42. Ke3 ({Don't go for} 42. Rd3 $2 Ng4 43. Ne4 fxe4+ $19) 42... Ng4+ ({Don't do} 42... Nd5+ 43. Rxd5 exd5 44. Nxf5+ Kf6 45. Nd6 $19) 0-1

[Event "BL 2016-17"]
[Site "St. Veit/Glan"]
[Date "2017.03.24"]
[Round "6"]
[White "Pinter, Erik"]
[Black "Volkmann, Friedrich Karl"]
[Result "0-1"]
[WhiteElo "2384"]
[BlackElo "2402"]
[Annotator "TA"]
[PlyCount "58"]
[EventDate "2017.??.??"]
[EventType "team-tourn"]
[EventCountry "AUT"]
[SourceTitle "playchess.com"]
[Source "ChessBase"]
[SourceQuality "1"]
[WhiteTeam "Nickelsdorf"]
[BlackTeam "Wulkaprodersdorf"]

{[%evp 14,58,16,19,45,30,28,25,28,23,26,27,32,27,24,28,18,19,22,12,39,44,43,17,42,0,0,-43,-31,-38,-34,-126,-132,-135,-127,-118,-115,-163,-157,-241,-195,-270,-256,-377,-345,-535,-512]} 1. e4 c5 2. Nf3 e6 3. c3 Nf6 4. e5 Nd5 5. g3 d6 {B22: Sicilian: 2 c3} 6. exd6 Qxd6 (6... Bxd6 7. d4 O-O 8. Bg2 Nc6 9. O-O cxd4 10. Nxd4 Bd7 11. Nxc6 Bxc6 12. Nd2 Rc8 13. Re1 b5 14. Nf3 a6 15. Qd3 Bc5 16. Qe2 Nb6 17. Be3 Bxe3 18. Qxe3 {½-½ (26) Rakhmanov,A (2640)-Pantsulaia,L (2598) Al Ain 2015}) 7. Bg2 Nc6 8. O-O {LiveBook: 6 Games} Bd7 $146 (8... Be7 9. d4 O-O 10. c4 Nb6 11. Bf4 Qd8 12. dxc5 Qxd1 13. Rxd1 Nxc4 14. Bc1 Bxc5 {0-1 (42) Tu,H (2483)-Kunte,A (2519) Montreal 2007}) 9. d4 cxd4 10. Nxd4 Nxd4 11. Qxd4 Bc6 12. Nd2 Nb6 13. Qxd6 Bxd6 14. Bxc6+ bxc6 15. Ne4 Be7 16. b3 f5 17. Ng5 e5 {[%cal Be6e5,Be5e4][%mdl 32]} 18. c4 Bf6 19. Re1 h6 20. Nh3 (20. Ne6 $5 {is interesting.} Kf7 21. Nc5 e4 22. Rb1 Rad8 23. Nb7) 20... e4 $36 {[%mdl 2048] Black has some pressure.} 21. Rb1 O-O-O 22. Bb2 (22. Kg2 $15) 22... Bxb2 $17 23. Rxb2 g5 {[%cal Bg7g5,Bg5g4][%mdl 32]} 24. Kg2 Nd7 25. Ng1 Ne5 {White must now prevent ...Nd3.} 26. Re3 (26. Rbe2 $17 {is a better defense.}) 26... g4 27. h3 {[#]} (27. Rb1 $142) 27... h5 $1 $19 28. Rc2 (28. Rb1 {was necessary.}) 28... Rd1 29. b4 (29. h4 $142) 29... Rhd8 0-1

[Event "BL 2016-17"]
[Site "St. Veit/Glan"]
[Date "2017.03.24"]
[Round "6"]
[White "Schwarhofer, Christopher"]
[Black "Kraemer, Martin"]
[Result "0-1"]
[WhiteElo "2375"]
[BlackElo "2571"]
[Annotator "TA"]
[PlyCount "196"]
[EventDate "2017.??.??"]
[EventType "team-tourn"]
[EventCountry "AUT"]
[SourceTitle "playchess.com"]
[Source "ChessBase"]
[SourceQuality "1"]
[WhiteTeam "Nickelsdorf"]
[BlackTeam "Wulkaprodersdorf"]

{[%evp 18,196,0,-32,-22,-26,-18,-17,-17,-22,-8,-33,-22,-25,54,60,64,47,161,168,330,330,314,317,577,0,0,-40,-37,-43,-44,-49,-50,-43,-39,-45,-49,-49,-35,-54,-56,-104,-95,-137,-135,-136,-135,-163,-159,-159,-159,-159,-159,-272,-272,-272,-272,-304,-276,-278,-302,-661,-645,-628,-720,-713,-715,-536,-517,-523,-491,-415,-306,-506,-434,-424,-417,-410,-410,-389,-386,-379,-359,-380,-352,-860,-793,-29946,-29947,-29944,-29944,-29953,-29955,-29954,-14,-29950,-16,-29958,-29959,-29959,-29959,-29960,-29961,-29960,-29961,-29963,-29964,-29963,-29964,-29964,-29965,-29965,-29966,-29966,-29967,-29966,-29969,-29967,-29967,-29965,-29968,-29970,-29967,-29969,-29968,-29973,-29971,-29972,-29974,-29975,-29974,-29976,-29977,-29974,-29975,-29983,-29984,-29985,-29984,-29980,-29977,-29976,-29977,-29979,-29980,-29980,-29981,-29981,-29980,-29982,-29971,-29983,-29984,-29984,-29985,-29985,-29986,-29987,-29988,-29988,-29989,-29989,-29990,-29992,-29993,-29993,-29992,-29992,-29992,-29992,-29992,-29993,-29994,-29994,-29995,-29995,-29996,-29996,-29997,-29997,-4153]} 1. e4 c5 2. Nf3 d6 3. d4 cxd4 4. Nxd4 Nf6 5. Nc3 a6 6. h3 e5 7. Nde2 h5 {B90: Sicilian Najdorf: Unusual White 6th moves, 6 Be3 Ng4 and 6 Be3 e5} 8. Bg5 (8. g3 Be6 9. Bg2 b5 10. O-O Nbd7 11. Be3 Be7 12. Nd5 Nxd5 13. exd5 Bf5 14. f4 Rc8 15. c3 {½-½ (24) Vachier Lagrave,M (2804)-Giri,A (2771) London 2016}) 8... Be6 9. f4 Nbd7 10. Qd2 {LiveBook: 3 Games} Rc8 11. g3 b5 12. Bg2 Be7 13. a3 O-O 14. b3 {f5 is the strong threat.} Nb6 15. Rd1 Rc6 $146 ({Black should try} 15... Qc7 $11) 16. Nd5 $14 Bxd5 17. exd5 Rc7 ({Black should play} 17... Rc5 $14) 18. fxe5 $18 dxe5 $2 (18... Nfd7 {was called for.} 19. Be3 Qc8) 19. d6 Bxd6 20. Bxf6 $1 (20. Qxd6 Rd7 21. Bxf6 gxf6 22. Qxd7 Nxd7 $17) 20... gxf6 $2 (20... Qxf6 21. Qxd6 Qxd6 22. Rxd6 Nc8) 21. Be4 $2 (21. Qxd6 Rd7 22. Qxd7 Nxd7 $17) ({Only move:} 21. Qh6 $1 $18) 21... Kg7 $1 $11 22. Bf5 (22. Qxd6 Rd7 23. Nd4 Rxd6 $15) 22... Qa8 23. O-O Rd8 {And now ...Bc5+ would win.} 24. Kh2 Be7 $36 {[%mdl 2048] Black fights for an advantage.} 25. Qe3 {With the idea Rxd8.} Bc5 26. Rxd8 Bxe3 27. Rxa8 Nxa8 28. Kg2 Nb6 29. Rd1 Bc5 $1 30. a4 bxa4 31. bxa4 Nc4 32. Kf3 Ne3 33. Rd7 Rxd7 34. Bxd7 $17 {[%mdl 4096] Endgame KBN-KBN} f5 {[%cal Bf6f5,Bf5g4][%mdl 32]} 35. g4 (35. Nc3 $17) 35... hxg4+ $19 (35... Nxc2 36. Bxf5 hxg4+ 37. hxg4 $15) 36. hxg4 fxg4+ 37. Ke4 Kf6 (37... Nxc2 38. Kxe5 Ne3 39. Bc8 $17) 38. a5 Kg5 (38... Nxc2 39. Bxg4 Nb4 40. Bc8 $17) 39. Kxe5 $2 (39. Ng3) 39... f6+ 40. Ke4 f5+ 41. Ke5 Ba7 (41... Nxc2 42. Bxf5 Nb4 43. Bc8 $17) 42. Bc8 Bb8+ ({Less strong is} 42... Nxc2 43. Bxf5 Bb8+ 44. Ke4 $17) 43. Kd4 Nxc2+ 44. Kc3 Ne3 45. Bxa6 $2 (45. Kd3 {might work better.} Nd5 46. Bb7) 45... Bc7 46. Kd3 Nf1 ({Inferior is} 46... Bxa5 47. Kxe3 Bb6+ 48. Kd3 $11) 47. Nd4 {Hoping for Ne6+.} Bxa5 48. Bc8 Ng3 49. Ne6+ Kf6 50. Nf4 Ne4 51. Nd5+ $2 (51. Ke2) 51... Kg5 $1 52. Bxf5 Kxf5 ({And not} 52... Nc5+ 53. Kc4 $11) 53. Ne3+ Kf4 54. Nxg4 Bb6 55. Nh6 Ng5 $2 (55... Nd6 {mates} 56. Ng8 Bd8 57. Kd4 Nf7 58. Kc5 Kf5 59. Kd5 Bg5 60. Kd4 Kg6 61. Ke4 Kg7 62. Kf3 Kxg8 63. Ke4 Kh7 64. Kd4 Kg6 65. Kd3 Bh4 66. Kd4 Bf6+ 67. Kc5 Be7+ 68. Kd4 Kf5 69. Kc4 Ke4 70. Kb5 Kd5 71. Kb6 Bc5+ 72. Kc7 Nd6 73. Kd7 Nb5 74. Kc8 Kc6 75. Kb8 Bb6 76. Ka8 Nc7+ 77. Kb8 Bg1 78. Kc8 Ba7 79. Kd8 Nd5 80. Ke8 Kd6 81. Kd8 Ne7 82. Ke8 Ke6 83. Kf8 Nf5 84. Ke8 Bb6 85. Kf8 Bc5+ 86. Ke8 Nd6+ 87. Kf8 Kf6 88. Kg8 Nf5 89. Kh7 Kf7 90. Kh8 Kg6 91. Kg8 Nh6+ 92. Kh8 Bd4#) 56. Ng8 $2 {[%mdl 8192]} (56. Kc4 $11) 56... Bd8 $1 {Strongly threatening ...Nf7.} 57. Kd4 $2 {[%mdl 8192]} (57. Nh6 $11) 57... Nf7 $1 {Black mates.} 58. Kd5 {[#]} Kf5 $1 59. Kc6 {[#]} Ke6 $1 60. Kc5 Bg5 61. Kc6 Nh8 62. Kc5 Kf7 63. Kd5 Kxg8 64. Ke6 Nf7 65. Kf5 Kg7 {[%cal Bg8g7,Bg7g6,Bg6f5,Bf5e6,Be6d5,Bd5e5,Be5e4,Be4f4][%mdl 32]} 66. Ke6 Kg6 67. Kd5 Kf5 68. Kd4 Ke6 69. Ke4 Nd6+ 70. Kd4 Bf6+ 71. Ke3 Kd5 72. Kf4 Bd4 73. Kf3 Ke5 74. Kg4 Ke4 75. Kg3 Nf7 {[%cal Bd6f7,Bf7g5,Bg5e4,Be4f2][%mdl 32]} 76. Kg4 Be5 77. Kh4 Kf4 78. Kh3 Ng5+ 79. Kg2 Ne4 80. Kg1 Kf3 81. Kh1 Nf2+ 82. Kg1 Bd6 83. Kf1 Bh2 84. Ke1 Ne4 85. Kd1 Ke3 86. Kc2 Nd2 87. Kc3 Bd6 88. Kc2 Be5 89. Kd1 Kd3 90. Kc1 Nc4 91. Kd1 Bg3 {[%cal Be5g3,Bg3h4,Bh4g5,Bg5h6][%mdl 32]} 92. Kc1 Bh4 93. Kd1 Nb2+ 94. Kc1 Kc3 95. Kb1 Bg5 96. Ka2 Nc4 97. Kb1 Kb3 98. Ka1 Bh6 0-1

[Event "BL 2016-17"]
[Site "St. Veit/Glan"]
[Date "2017.03.24"]
[Round "6"]
[White "Kvetny, Mark"]
[Black "Koop, Thorben"]
[Result "1-0"]
[WhiteElo "2372"]
[BlackElo "2400"]
[Annotator "TA"]
[PlyCount "47"]
[EventDate "2017.??.??"]
[EventType "team-tourn"]
[EventCountry "AUT"]
[SourceTitle "playchess.com"]
[Source "ChessBase"]
[SourceQuality "1"]
[WhiteTeam "Götzis"]
[BlackTeam "St. Veit"]

{[%evp 16,47,10,2,145,6,17,44,42,-6,0,0,2,-8,0,0,0,0,219,208,609,610,592,569,548,431,1839,1516,2210,1856,29994,29995,29995,29996]} 1. d4 Nf6 2. c4 g6 3. Nc3 d5 4. Nf3 Bg7 5. h4 {[%cal Bh2h4,Bh4h5][%mdl 32] D90: Grünfeld: 4 Nf3 Bg7 sidelines} (5. cxd5 Nxd5 6. Bg5 c5 7. Rc1 Nc6 8. Nxd5 Qxd5 9. Rxc5 Qxa2 10. e3 Qxb2 11. Bc4 Qb4+ 12. Nd2 O-O 13. O-O a6 14. Bd5 {0-1 (46) Mamedyarov,S (2768)-Vachier Lagrave,M (2804) Doha 2016}) 5... dxc4 6. e4 c5 7. d5 b5 8. h5 O-O 9. hxg6 $1 {LiveBook: 13 Games} b4 $146 (9... hxg6 $11 {remains equal.} 10. Ng5 Qa5) (9... fxg6 10. e5 Ng4 11. d6 e6 12. Rxh7 Rf5 {1-0 (32) Vidit,S (2686)-Bok,B (2594) Douglas 2016}) 10. e5 (10. Bxc4 bxc3 11. gxf7+ Rxf7 $15) ({White should play} 10. gxf7+ $1 $16 Rxf7 11. Na4 (11. Bxc4 bxc3 12. d6 e6 $11)) 10... bxc3 $11 11. exf6 Bxf6 12. g7 Bxg7 13. Qc2 {[%csl Gh1][%cal Rc2h7]} f5 {...cxb2 is the strong threat.} 14. Bxc4 Ba6 15. b3 Qd6 16. Rh3 Bb7 $2 {[#]} (16... Bxc4 $11 17. bxc4 Na6) 17. Ng5 $1 $18 Bxd5 $2 {[#]} (17... Na6) 18. Bf4 $1 {[%cal Bc1f4,Bf4h6,Bh6g7][%mdl 544]} Qc6 {aiming for ...Bxc4.} (18... Qxf4 19. Bxd5+) 19. Qd3 ({Weaker is} 19. Rxh7 Bxc4 20. Rxg7+ (20. bxc4 Nd7 $11) 20... Kxg7 $11) 19... e6 20. O-O-O ({Less strong is} 20. Nxh7 Bxc4 21. Qxc4 Rd8 $16) 20... h6 {[#]} (20... Bxc4 $142 21. Qxc4 Qa6) 21. Nxe6 $1 {[%mdl 512]} Bxe6 (21... Qxe6 22. Bxd5) 22. Bxh6 {Threatening mate with Qg3.} Rf6 23. Qd8+ Kf7 24. Bxg7 1-0

[Event "BL 2016-17"]
[Site "St. Veit/Glan"]
[Date "2017.03.24"]
[Round "6"]
[White "Wallner, Joachim"]
[Black "Vlcek, Stanislav"]
[Result "1-0"]
[WhiteElo "2322"]
[BlackElo "2275"]
[Annotator "TA"]
[PlyCount "87"]
[EventDate "2017.??.??"]
[EventType "team-tourn"]
[EventCountry "AUT"]
[SourceTitle "playchess.com"]
[Source "ChessBase"]
[SourceQuality "1"]
[WhiteTeam "Wulkaprodersdorf"]
[BlackTeam "Nickelsdorf"]

{[%evp 31,87,-15,-18,-24,-20,0,-9,-16,-28,-34,-34,-34,-34,-16,0,0,0,0,0,-6,0,-64,0,0,0,0,0,0,123,124,122,110,290,284,287,295,287,273,275,257,250,260,640,632,999,680,1003,939,947,574,564,561,616,624,956,636,1496,1496]} 1. e4 c5 2. Nf3 d6 3. d4 cxd4 4. Nxd4 Nf6 5. Nc3 a6 6. Bg5 e6 7. f4 Nbd7 8. Qf3 Qc7 9. O-O-O b5 10. Bd3 Bb7 11. Rhe1 Qb6 12. Nd5 {B96: Sicilian Najdorf: 6 Bg5 e6 7 f4, lines other than 7...Qb6 and 7...Be7} (12. Bxf6 Nxf6 13. f5 b4 14. Nce2 e5 15. Nb3 h5 16. Kb1 Be7 17. Nd2 Rc8 18. Nc4 Rxc4 19. Bxc4 Bxe4 20. Qb3 O-O {½-½ (39) Jakovenko,D (2735)-Gelfand,B (2731) Ashdod 2015}) 12... Qxd4 13. Bxf6 gxf6 14. Bxb5 Qc5 15. Nxf6+ Kd8 16. Nxd7 Qxb5 {LiveBook: 45 Games} 17. Nxf8 Rxf8 18. Qa3 Ke8 19. Qxd6 Qc6 20. Qd2 $146 Qc7 21. f5 Rd8 22. Qb4 {Strongly threatening Rxd8+.} Rxd1+ 23. Rxd1 Rg8 24. g3 Rg4 25. fxe6 fxe6 ({Much worse is} 25... Bxe4 26. Qa4+ Qc6 27. exf7+ Kxf7 28. Rd7+ Ke6 29. Qxc6+ Bxc6 30. Rxh7 $16) 26. Rd4 (26. Qa4+ $11 Ke7 27. Qb4+ Ke8 28. Qa4+ Bc6 29. Qxa6) 26... Qe7 (26... Qe5 $15) 27. Qa4+ $11 Kf8 28. b3 Qg5+ 29. Kb1 Qb5 (29... Qf6 $11 {remains equal.}) 30. Rd8+ $16 Ke7 31. Qd4 {aiming for Qd6+.} Rxe4 $2 (31... Bxe4 $16 {was called for.} 32. Qd6+ Kf7) 32. Qd6+ $18 Kf6 {With the idea ...Re1+.} 33. Rf8+ $1 Kg6 {Threatening ...Re1+.} 34. Rg8+ Kh5 {[#]} 35. g4+ $1 {[%mdl 512]} Rxg4 {[#]} 36. Qd1 $1 {[%cal Rd1g4]} Qf5 $2 (36... Bf3 37. Qxf3 Qf5) 37. h3 {White is clearly winning.} Bf3 38. hxg4+ Bxg4 {[%mdl 4096] Endgame KQR-KQB} 39. Qh1+ Bh3 40. Qa8 Qf1+ 41. Kb2 {Intending Qe8+ and mate.} Qf6+ 42. Ka3 e5 43. Qe4 Qd6+ 44. b4 1-0

[Event "BL 2016-17"]
[Site "St. Veit/Glan"]
[Date "2017.03.24"]
[Round "6"]
[White "Hoelzl, Franz"]
[Black "Anistratov, Dmitriy"]
[Result "1/2-1/2"]
[WhiteElo "2318"]
[BlackElo "2292"]
[Annotator "TA"]
[PlyCount "63"]
[EventDate "2017.??.??"]
[EventType "team-tourn"]
[EventCountry "AUT"]
[SourceTitle "playchess.com"]
[Source "ChessBase"]
[SourceQuality "1"]
[WhiteTeam "St. Veit"]
[BlackTeam "Götzis"]

{[%evp 20,63,57,61,58,51,65,33,32,40,41,10,25,0,39,-47,-45,-41,-57,-55,-63,-59,-70,-48,-49,-36,-42,-39,27,-42,-30,-30,-30,-30,-30,-64,-34,-64,-43,-28,-8,-3,-5,-8,18,-2]} 1. d4 d6 2. Nf3 Nf6 3. c4 c6 4. g3 Nbd7 5. Bg2 e5 6. O-O Be7 7. Nc3 O-O 8. Qc2 Re8 9. Rd1 Qc7 10. b3 Bf8 11. Bb2 {LiveBook: 17 Games. A54: Old Indian Defence with Nf3, but without e4} a5 12. e3 {[%cal Be2e3,Be3e4][%mdl 32]} (12. d5 Nc5 13. Nd2 Bd7 14. a3 Na6 15. Rac1 Rac8 16. Qb1 {0-1 (40) Schreiner,P (2494)-Romanov,E (2644) Lienz 2017}) 12... exd4 $146 (12... g6 13. Rd2 Nh5 14. g4 Ng7 {1-0 (52) Vladimirov,V (2162)-Sekulovska,V (2130) Struga 2011}) 13. Nxd4 {White is slightly better.} Nc5 14. Rd2 Bg4 15. f3 Bh5 16. e4 Bg6 17. Kh1 ({White should play} 17. Nde2 $14) 17... d5 $15 18. cxd5 cxd5 19. Nf5 dxe4 20. Nxe4 Nfxe4 21. fxe4 Rad8 {White must now prevent ...Rxd2.} 22. Rxd8 Rxd8 23. Rf1 Qd7 (23... Rd7 $15) 24. Qc3 (24. Bxg7 $1 $11 Bxf5 25. Bxf8 Nxe4 26. Bxe4 Bxe4+ 27. Qxe4 Rxf8 28. Qe5) 24... Bxf5 25. exf5 Qd2 26. f6 g6 27. Bf3 Rd3 28. Qc1 a4 29. bxa4 Nxa4 30. Qxd2 {The position is equal.} Rxd2 31. Be5 Rxa2 32. Bxb7 1/2-1/2

[Event "BL 2016-17"]
[Site "St. Veit/Glan"]
[Date "2017.03.24"]
[Round "6"]
[White "Blohberger, Felix"]
[Black "Handler, Lukas"]
[Result "1/2-1/2"]
[WhiteElo "2265"]
[BlackElo "2377"]
[Annotator "TA"]
[PlyCount "62"]
[EventDate "2017.??.??"]
[EventType "team-tourn"]
[EventCountry "AUT"]
[SourceTitle "playchess.com"]
[Source "ChessBase"]
[SourceQuality "1"]
[WhiteTeam "Wien-SK Ottakring"]
[BlackTeam "Maria Saal"]

{[%evp 15,62,12,6,0,-8,-18,0,-8,-6,-6,-7,-25,0,-7,0,0,4,5,5,0,15,4,6,0,0,0,0,0,0,0,0,0,0,0,0,0,0,0,0,0,0,0,0,0,0,0,0,0,0]} 1. d4 Nf6 2. Nf3 d5 3. Bf4 e6 4. e3 Bd6 5. Bg3 b6 6. Nbd2 O-O 7. Bd3 Ba6 {D02: 1 d4 d5 2 Nf3 sidelines, including 2...Nf6 3 g3 and 2...Nf6 3 Bf4} 8. Bxa6 (8. O-O Bxg3 9. hxg3 c5 10. Rc1 Bxd3 11. cxd3 Nbd7 12. Rc3 Rc8 13. Qa4 cxd4 14. Qxd4 Qe7 15. Rfc1 e5 16. Qa4 Rxc3 17. Rxc3 Nc5 18. Qc2 e4 19. dxe4 dxe4 20. Nd4 Ng4 21. Qd1 {½-½ (21) Berkes,F (2636)-Palac,M (2577) Gjakova 2016}) 8... Nxa6 {LiveBook: 3 Games} 9. Qe2 Nb4 10. O-O c5 ({Don't capture} 10... Nxc2 $2 11. Rac1 $18) 11. Bxd6 $146 (11. c3 Nc6 12. Rfd1 Bxg3 13. hxg3 Qe7 14. e4 cxd4 15. e5 {1-0 (46) Vadasz,L-Myagmarsuren,L Havana 1967}) 11... Qxd6 12. c3 Nc6 13. dxc5 Qxc5 14. c4 {The position is equal.} Rfd8 15. Rfd1 Rac8 16. Rac1 Na5 {[%cal Rd5c4]} 17. a3 {[#] Strongly threatening b4.} Qc7 18. h3 h6 19. b4 Nxc4 20. Nxc4 dxc4 21. Rxd8+ Qxd8 22. Rxc4 Rxc4 23. Qxc4 Qd1+ 24. Kh2 Qd6+ 25. g3 a5 26. bxa5 bxa5 27. a4 Qd1 28. Kg2 Nd5 29. Qd4 Qxd4 30. Nxd4 Nb6 31. Nb3 Nxa4 1/2-1/2